Τοπικά αναπτυξιακά προγράμματα : εισαγωγή στη μεθοδολογία
Αποθηκεύτηκε σε:
| Κύριος συγγραφέας: | |
|---|---|
| Μορφή: | Βιβλίο |
| Γλώσσα: | Greek |
| Δημοσίευση: |
Αθήνα :
Gutenberg,
1995
|
| Θέματα: | |
| Ετικέτες: |
Προσθήκη ετικέτας
Δεν υπάρχουν, Καταχωρήστε ετικέτα πρώτοι!
|
MARC
| LEADER | 00000nam a2200000 i 4500 | ||
|---|---|---|---|
| 001 | 1/8961 | ||
| 008 | 970606s1995 gre d | ||
| 020 | |a 960-01-0590-1 | ||
| 035 | |l 10017295 | ||
| 040 | |a GR-MY-UA |b gre |e aacr | ||
| 041 | 0 | |a gre | |
| 082 | 0 | |a 336.014 | |
| 100 | 1 | |a Πανάς, Επαμεινώνδας Ε. | |
| 245 | 1 | 0 | |a Τοπικά αναπτυξιακά προγράμματα : |b εισαγωγή στη μεθοδολογία / |c Επαμεινώνδας Ε. Πανάς |
| 260 | |a Αθήνα : |b Gutenberg, |c 1995 | ||
| 300 | |a 108 σ. |b πιν. | ||
| 650 | 0 | 0 | |a Rural development |x Economic aspects. |
| 852 | |a INST |b LESVOS |e 19970606 |h 336.014 ΠΑΝ |p 005100011051 |q 005100011051 |t BK |y 0 | ||
| 852 | |a INST |b RHODES |e 19990112 |h 336.014 ΠΑΝ |p 005400005830 |q 005400005830 |t BK |y 0 | ||
| 909 | |a Λ |b 049128 | ||
| 909 | |a Ρ |b 053766 | ||
| 922 | |a 1ΕΛΗ |b 199601 |c ΣΠΙΛΑΝΗΣ | ||
| 922 | |a 1ΕΛΗ |b 199802 |c ΚΠΣ/Ν |d EMVASIS | ||
| 950 | |a 155/1996-02-06 | ||